000 01371nam a2200337 a 4500
999 _c438770
_d438770
003 BLK
005 20240406103235.0
008 202008b bul|||||r ||||||| ||bul||
020 _a9789547714380
040 _aBLK
041 _aBUL
_cBUL
080 _aСоциално поведение. Социална психология
_b316.6
_z316.6
100 1 _aРикардс, Джеймс
_eпърви автор
_9116204
139 _aРикардс, Джеймс
_bР 61
245 1 0 _aНовата Голяма депресия
_cДжеймс Рикардс ; прев. Камен Велчев
_bПечеливши и губещи в постпандемичния свят
260 _bКръгозор
_c2020
_9209845
_aСофия
300 _a238 с.
_c21 см
380 _a3
500 _aОриг. загл.: The new Great depression / James Rickards
504 _aБиблиогр.: с. 231-237
650 7 _9154975
_aЕпидемии - социалнопсихологични проблеми
653 7 _aстопански кризи
_9197511
700 _aВелчев, Камен Петков
_d1974 -
_9333727
852 _aЦб
856 4 _qpdf
_i0.00
_ldisable
856 4 _qpdf
_i0.00
_ldisable
942 _cKNG
_n0
_s1
_06
944 _aCR
_c2021-12-02
_k30575
_lМартин Енчев
999 _d438770
999 _d382359